| 000 | 01270nac a22002891i 4500 | ||
|---|---|---|---|
| 003 | EG-ScBUE | ||
| 005 | 20250127090537.0 | ||
| 008 | 250127s1965 enka f 000 0 eng d | ||
| 040 |
_aEG-ScBUE _beng _erda _cEG-ScBUE _dEG-ScBUE |
||
| 082 | 0 | 4 |
_a530.076 _bSTR _222 |
| 100 | 1 |
_aStrelkov, S. P., _eauthor. |
|
| 245 | 1 | 0 |
_aProblems in undergraduate physics / _cS. P. Strelkov, I. A. Yakovlev ; translated by D. E. Brown ; translation edited by D. Ter Haar. |
| 250 | _aFirst edition. | ||
| 264 |
_aOxford : _bPergamon Press, _c1965. |
||
| 300 |
_a4 volumes : _billustrations ; _c22 cm |
||
| 336 |
_2rdacontent _atext _btxt |
||
| 337 |
_aunmediated _2rdamedia _bn |
||
| 338 |
_avolume _bnc _2rdacarrier |
||
| 505 | 0 | _av. 1. Mechanics, by S.P. Strelkov [and] I.A. Yakovlev.--v. 2. Electricity and magnetism, by S.P. Strelkov, I.A. Elʹtsin, and S.E. Khaikin.--v. 3. Optics, by V.L. Ginzburg [and others]--v. 4. Molecular physics, thermodynamics, atomic and nuclear physics, by V.L. Ginzburg [and others] | |
| 650 | 7 |
_aPhysics _xProblems, exercises, etc. _2BUEsh |
|
| 655 | _vReading book | ||
| 700 | 1 |
_aYakovlev, I. A., _eauthor. |
|
| 700 | 1 |
_aBrown, D. E., _etranslator. |
|
| 700 | 1 |
_aHaar, D. Ter, _eeditor. |
|
| 942 |
_cBB _2ddc |
||
| 999 |
_c1779 _d1779 |
||